000 00523nam a2200205Ia 4500
003 GCL
008 140319s9999 xx 000 0 eng d
040 _aGCL /
_cGCL
082 0 4 _a863
_bS M
100 1 _aSENDER, RAMON J.
245 1 0 _aMISTER WITT EN EL CANTON /
_cSENDER, RAMON J.
700 1 _aJOVER, JOSE MARIA
260 _a[S.N] :
_bCLASICO CASTALIA ،
_c1987
300 _a540 P
650 0 4 _aLITERATURE
650 0 4 _aFICTION
650 0 4 _aSPANISH LITERATURE
650 0 4 _aSPANISH FICTION
942 _2ddc
_cBK
999 _c12986
_d12986